000 00618cam a22002413a 4500
001 24227
003 PGUSA
005 20140828083522.0
008 080110s2008||||xxu|||||s|||||000 | eng d
040 _aPGUSA
_beng
042 _adc
050 4 _aPL
100 1 _aWu, Jianren,
_d1866-1910
245 1 0 _a情變
_h[electronic resource] /
_cJianren Wu
260 _bProject Gutenberg,
_c2008
506 _aPublic domain in the USA.
516 _aElectronic text
740 0 _a情变
740 0 _aQing-Bian
830 0 _aProject Gutenberg
_v24227
856 4 0 _uhttp://www.gutenberg.org/ebooks/24227
942 _cEB
999 _c253482
_d253482